skbl

Dr Suryya Kumar Bhuyan Library Web-OPAC
ডঃ সূৰ্য্য
কুমাৰ ভূঞা পুথিভঁৰাল ৱেব-অ'পেক

All Research Scholars are advised to clear the annual library fees to continue using Library Resources, Remote Access, Plagiarism Test and Library Clearance.

Cotton University Book Fair 2026

History of Assam / (Record no. 38917)

MARC details
000 -LEADER
fixed length control field 00673nam a2200265Ia 4500
001 - CONTROL NUMBER
control field 38945
005 - DATE AND TIME OF LATEST TRANSACTION
control field 20240114002032.0
007 - PHYSICAL DESCRIPTION FIXED FIELD--GENERAL INFORMATION
fixed length control field ta
008 - FIXED-LENGTH DATA ELEMENTS--GENERAL INFORMATION
fixed length control field 070807s1998 a g b000 u 465 u
040 ## - CATALOGING SOURCE
Original cataloging agency Ref. stack
041 ## - LANGUAGE CODE
Language code of text/sound track or separate title 465
082 ## - DEWEY DECIMAL CLASSIFICATION NUMBER
Classification number 954.162
Item number Du 95 Hi
100 ## - MAIN ENTRY--PERSONAL NAME
Personal name Dutta, Debabrata .
245 #0 - TITLE STATEMENT
Title History of Assam /
Statement of responsibility, etc. Debabrata Dutta.
Medium Textual Documents
250 ## - EDITION STATEMENT
Edition statement 5th Rev.ed. /
260 ## - PUBLICATION, DISTRIBUTION, ETC.
Place of publication, distribution, etc. Calcutta :
Name of publisher, distributor, etc. Sribhumi Publishing Co. ,
Date of publication, distribution, etc. 1998.
300 ## - PHYSICAL DESCRIPTION
Extent 113p. :
Other physical details ill ;
Dimensions 22cm .
653 ## - INDEX TERM--UNCONTROLLED
Uncontrolled term History-Assam
653 ## - INDEX TERM--UNCONTROLLED
Uncontrolled term Assam History
653 ## - INDEX TERM--UNCONTROLLED
Uncontrolled term G-History
942 ## - ADDED ENTRY ELEMENTS (KOHA)
Source of classification or shelving scheme Dewey Decimal Classification
Koha item type Books
Holdings
Withdrawn status Lost status Damaged status Not for loan Collection Home library Current library Date acquired Coded location qualifier Total checkouts Full call number Barcode Date last seen Date last checked out Copy number Price effective from Koha item type
          Dr. Suryya Kumar Bhuyan Library Dr. Suryya Kumar Bhuyan Library 01/02/2012 00000 1 954.162 Du 95 Hi 144/ELL 11/06/2024 22/05/2024 1 01/02/2012 Books
          Dr. Suryya Kumar Bhuyan Library Dr. Suryya Kumar Bhuyan Library 01/02/2012 00000 2 954.162 Du 95 Hi 143/ELL 07/06/2024 21/05/2024 2 01/02/2012 Books

Designed and Maintained by Team SKBL
©1901-2026

Powered by Koha